Rhetoric and anthology for college english

Furkejuvvon:
Bibliográfalaš dieđut
Váldodahkki: Flynn, Fletcher
Materiálatiipa: Girji
Giella:Undetermined
Almmustuhtton: California, Estados Unidos Wadsworth 1982
Fáttát:
Fáddágilkorat: Lasit fáddágilkoriid
Eai fáddágilkorat, Lasit vuosttaš fáddágilkora!

MARC

LEADER 00000nam a2200000Ia 4500
008 170316s9999 xx 000 0 und d
090 |a 415-I F-3r 
100 |a Flynn, Fletcher 
245 |a Rhetoric and anthology for college english 
260 |a California, Estados Unidos 
260 |b Wadsworth 
260 |c 1982 
300 |a 490 páginas 
650 |a GRAMÁTICA INGLESA 
999 |c 19367  |d 19367 
040 |a cru BVZT 
942 |c 15 D  |h 415-I F-3r  |2 z